| 000 | 01869nam a2200241 a 4500 | ||
|---|---|---|---|
| 001 | ASIN0415680166 | ||
| 005 | 20170105102910.0 | ||
| 008 | 131025s2013 xxu eng d | ||
| 020 |
_a0415680166 (paperback) _c$44.95 |
||
| 020 | _a9780415680165 (paperback) | ||
| 040 | _a0 | ||
| 050 | 0 | 4 | _aJZ5588 |
| 082 | 0 | 4 | _a355.0335 |
| 245 | 1 | 0 |
_aCritical approaches to security : _ban introduction to theories and methods / _cLaura J. Shepherd. |
| 260 |
_a[S.l.] : _bRoutledge, _c2013. |
||
| 300 |
_a304 p. ; _c25 cm. |
||
| 520 | _aFocusing on critical approaches to security, this new textbook offers readers both an overview of the key theoretical perspectives and a variety of methodological techniques. With a careful explication of core concepts in each chapter and an introduction that traces the development of critical approaches to security, this textbook will encourage all those who engage with it to develop a curiosity about the study and practices of security politics. Challenging the assumptions of conventional theories and approaches, unsettling that which was previously taken for granted – these are among the ways in which such a curiosity works. Through its attention to the fact that, and the ways in which, security matters in global politics, this work will both pioneer new ways of studying security and acknowledge the noteworthy scholarship without which it could not have been thought. This textbook will be essential reading to advanced undergraduate and postgraduate students of critical security studies, and highly recommended to students of traditional security studies, International Relations and Politics. | ||
| 650 | 0 | _aNational security | |
| 650 | 0 | _aSecurity, International | |
| 700 | 1 | _aShepherd, Laura J. | |
| 856 | 4 | 0 |
_3Amazon.com _uhttp://www.amazon.com/exec/obidos/ASIN/0415680166/chopaconline-20 |
| 942 |
_2ddc _cBK |
||
| 999 |
_c15087 _d15087 |
||